Statistics for Management (Record no. 20047)

MARC details
000 -LEADER
fixed length control field 00354nam a22001457a 4500
008 - FIXED-LENGTH DATA ELEMENTS--GENERAL INFORMATION
fixed length control field 230524b |||||||| |||| 00| 0 eng d
020 ## - INTERNATIONAL STANDARD BOOK NUMBER
ISBN 9789332581180
100 ## - MAIN ENTRY--AUTHOR NAME
Personal name R. I. Levin & D. S. Rubin
245 ## - TITLE STATEMENT
Title Statistics for Management
250 ## - EDITION STATEMENT
Edition statement 8th Ed.
260 ## - PUBLICATION, DISTRIBUTION, ETC. (IMPRINT)
Place of publication UP
Name of publisher Pearson Pub.
Year of publication 2023
300 ## - PHYSICAL DESCRIPTION
Number of Pages 985
546 ## - LANGUAGE NOTE
Language note English
942 ## - ADDED ENTRY ELEMENTS (KOHA)
Source of classification or shelving scheme Dewey Decimal Classification
Koha item type Books
Holdings
Accession Number Cost, normal purchase price Bill Date Source of acquisition Price effective from Koha item type Withdrawn / writtenoff status Damaged status Not for loan Permanent Location Current Location Shelving location Date acquired Lost/ Missing status department
LLB 646 900.00 13-5-2023 ABD Publisher, Jammu 05/24/2023 Books     Not For Loan MIET Library, Jammu MIET Library, Jammu 184/1 05/15/2023   BBA LLB
LLB 647 900.00 13-5-2023 ABD Publisher, Jammu 05/24/2023 Books       MIET Library, Jammu MIET Library, Jammu 182/5 05/15/2023   BBA LLB
LLB 648 900.00 13-5-2023 ABD Publisher, Jammu 05/24/2023 Books       MIET Library, Jammu MIET Library, Jammu 182/5 05/15/2023   BBA LLB
LLB 649 900.00 13-5-2023 ABD Publisher, Jammu 05/24/2023 Books       MIET Library, Jammu MIET Library, Jammu 182/5 05/15/2023   BBA LLB
LLB 650 900.00 13-5-2023 ABD Publisher, Jammu 05/24/2023 Books       MIET Library, Jammu MIET Library, Jammu 182/5 05/15/2023   BBA LLB
LLB 843 900.00 13-5-2023 ABD Jammu. 05/23/2023 Books       MIET Library, Jammu MIET Library, Jammu 182/5 05/26/2023   BBA LLB
LLB 844 900.00 13-5-2023 ABD Jammu. 05/30/2023 Books       MIET Library, Jammu MIET Library, Jammu 182/5 05/26/2023   BBA LLB
LLB 845 900.00 13-5-2023 ABD Jammu. 05/30/2023 Books       MIET Library, Jammu MIET Library, Jammu 182/5 05/26/2023   BBA LLB
LLB 846 900.00 13-5-2023 ABD Jammu. 05/30/2023 Books       MIET Library, Jammu MIET Library, Jammu 182/5 05/26/2023   BBA LLB
LLB 847 900.00 13-5-2023 ABD Jammu. 05/30/2023 Books       MIET Library, Jammu MIET Library, Jammu 182/5 05/26/2023   BBA LLB